00982 2200313 4500001002100000005001500021035002000036007000300056008004100059020002200100082001500122084001700137100003700154245009100191250003500282300002900317650005300346700003000399504002500429264004000454336002100494337003000515338002300545040002200568090002200590850001200612999002200624990002200646INLIS00000000090330920260225114955 a0010-0226001145ta260225s2025 yoi g ind  a978-634-96243-3-604223a230.07 a230.07 FET p0 aFetrina Paillin Bore'ePengarang10aPendidikan agama Kristen bagi kemuliaan Tuhan /cFetrina Paillin Bore', Anton Siswanto aCetakan Pertama, November 2025 avi, 381 halaman ;c20 cm 4aPendidikan Agama Kristen--xStudi dan pengajaran0 aAnton SiswantoePengarang aTermasuk bibliografi31aSleman :bKalimaya Publisher,c2025 2rdacontentateks 2rdamediaatanpa perantara 2rdacarrieravolume aYOPDYOGbinderda aCB-D.11 2025-5519 aYOPDYOG aCB.D.11/2025-5519 aCB-D.11/2025-5519